Review of medical physiology / (Record no. 132300)
[ view plain ]
| 000 -LEADER | |
|---|---|
| fixed length control field | 00921cam a2200265 4500 |
| 003 - CONTROL NUMBER IDENTIFIER | |
| control field | OSt |
| 005 - DATE AND TIME OF LATEST TRANSACTION | |
| control field | 20240222142530.0 |
| 008 - FIXED-LENGTH DATA ELEMENTS--GENERAL INFORMATION | |
| fixed length control field | |
| 020 ## - INTERNATIONAL STANDARD BOOK NUMBER | |
| International Standard Book Number | 0838582524 (paperbackk.) |
| 040 ## - CATALOGING SOURCE | |
| Transcribing agency | NUST |
| Original cataloging agency | NUST |
| Language of cataloging | eng |
| Modifying agency | NUST |
| Description conventions | rda |
| 100 1# - MAIN ENTRY--PERSONAL NAME | |
| Personal name | Ganong, William F. |
| Dates associated with a name | 1973 |
| Relator term | Author |
| 245 10 - TITLE STATEMENT | |
| Title | Review of medical physiology / |
| Statement of responsibility, etc. | [by] William F. Ganong. |
| 250 ## - EDITION STATEMENT | |
| Edition statement | Nineteenth edition. |
| 260 ## - PUBLICATION, DISTRIBUTION, ETC. | |
| Place of publication, distribution, etc. | Prentice-Hall : |
| Name of publisher, distributor, etc. | Lange Medical Publications, |
| Date of publication, distribution, etc. | 1973 |
| 300 ## - PHYSICAL DESCRIPTION | |
| Extent | xii,851 pages : |
| Other physical details | illustrations; |
| Dimensions | 27 cm |
| 336 ## - CONTENT TYPE | |
| Source | rdacontent |
| Content type term | text |
| Content type code | txt |
| 337 ## - MEDIA TYPE | |
| Source | rdamedia |
| Media type term | unmediated |
| Media type code | n |
| 338 ## - CARRIER TYPE | |
| Source | rdamedia |
| Carrier type term | volume |
| Carrier type code | nc |
| 440 ## - SERIES STATEMENT/ADDED ENTRY--TITLE | |
| Title | Review of medical physiology |
| 504 ## - BIBLIOGRAPHY, ETC. NOTE | |
| Bibliography, etc. note | Includes bibliographies references and index |
| 650 #0 - SUBJECT ADDED ENTRY--TOPICAL TERM | |
| Topical term or geographic name entry element | Human physiology. |
| 650 #0 - SUBJECT ADDED ENTRY--TOPICAL TERM | |
| Topical term or geographic name entry element | Physiology, Pathological. |
| 700 ## - ADDED ENTRY--PERSONAL NAME | |
| Personal name | William F. Ganong. |
| Dates associated with a name | 1973 |
| Relator term | Author |
| 942 ## - ADDED ENTRY ELEMENTS (KOHA) | |
| Koha item type | Ordinary Loan Books |
| Call number prefix | QP34.5 |
| Call number suffix | GAN |
| Classification part | QP |
| Item part | 34.5 |
| Suppress in OPAC | No |
| Withdrawn status | Lost status | Source of classification or shelving scheme | Damaged status | Not for loan | Collection | Home library | Current library | Shelving location | Date acquired | Source of acquisition | Cost, normal purchase price | Total Checkouts | Full call number | Barcode | Date last seen | Cost, replacement price | Price effective from | Koha item type | Public note |
|---|---|---|---|---|---|---|---|---|---|---|---|---|---|---|---|---|---|---|---|
| LCC | NFIC | Medical | Medical | GEN | 01/23/2023 | Purchase | 90.00 | QP34.5 GAN | 92004009156 | 01/23/2023 | 90.00 | 01/23/2023 | BOOKS | Purchase |